Country Flags - Impossible - Statistics

General Stats
  • This quiz has been taken 72 times
  • The average score is 15 of 16
Answer Stats
Picture Answer % Correct
Vatican
100%
Malaysia
98%
Qatar
98%
Kosovo
95%
Malta
95%
Monaco
95%
Montenegro
95%
Fiji
94%
Greenland
92%
Lithuania
91%
Chad
89%
Papua New Guinea
89%
Equatorial Guinea
85%
Saint Lucia
85%
Saint Kitts and Nevis
82%
Cyprus
78%
No matching quizzes found
Score Distribution
Percent of People with Each Score
Percentile by Number Answered
Your Score History
You have not taken this quiz